Poesía gallega contemporánea (Record no. 74147)

MARC details
000 -LEADER
campo de control de longitud fija 00558nam a2200181 i 4500
001 - NÚMERO DE CONTROL
campo de control 74147
003 - IDENTIFICADOR DE NÚMERO DE CONTROL
campo de control ES-MaACL
007 - CAMPO FIJO DE DESCRIPCIÓN FÍSICA--INFORMACIÓN GENERAL
campo de control de longitud fija t|
008 - DATOS DE LONGITUD FIJA--INFORMACIÓN GENERAL
campo de control de longitud fija 040915s1954 sp ||||1| spa d
100 1# - ENTRADA PRINCIPAL--NOMBRE DE PERSONA
Nombre de persona González-Alegre, Ramón.
9 (RLIN) 58405
245 10 - MENCIÓN DEL TÍTULO
Título Poesía gallega contemporánea
Resto del título : ensayo sobre literatura gallega /
Mención de responsabilidad, etc. Ramón González-Alegre.
260 ## - PUBLICACIÓN, DISTRIBUCIÓN, ETC.
Lugar de publicación, distribución, etc. [S.l. :
Nombre del editor, distribuidor, etc. s.n.,
Fecha de publicación, distribución, etc. 1954] (
Lugar de fabricación/manufactura Pontevedra :
Fabricante Gráficas Torres)
300 ## - DESCRIPCIÓN FÍSICA
Extensión 228 p. ;
Dimensiones 22 cm.
490 1# - MENCIÓN DE SERIE
Mención de serie Huguin
830 0# - PUNTO DE ACCESO ADICIONAL DE SERIE-TÍTULO UNIFORME
Título uniforme Huguin
9 (RLIN) 184613
852 ## - LOCALIZACIÓN
Ubicación ES-MaACL
Número de control de estantería C-6756
Sublocalización o colección R.35642
Holdings
Estatus retirado Estado de pérdida Estado de daño No para préstamo Biblioteca de origen Biblioteca actual Ubicación en estantería Fecha de adquisición Fuente de adquisición Total de préstamos Signatura topográfica completa Código de barras Visto por última vez Precio de reemplazo Tipo de ítem Koha
        Biblioteca del Ateneo de Madrid Biblioteca del Ateneo de Madrid Sala Palomar 17/01/2008     C-6756 1077617 23/02/2023 23/02/2023 Libro impreso